Talents de Disco Elysium par image - Statistiques

Statistiques générales
  • Ce quiz a été pris 18 fois
  • Le résultat moyen est 14 sur 24
Statistiques - réponses
Par images Réponse % Correct
Autorité
86%
Conceptualisation
86%
Cour intérieure
86%
Encyclopédie
86%
Rhétorique
86%
Clair-obscur
71%
Electrochimie
71%
Esprit de corps
71%
Frisson
71%
Logique
71%
Sang-froid
71%
Empathie
57%
Mise en scène
57%
Suggestion
57%
Volonté
57%
Art dramatique
43%
Coordination visiotactile
43%
Douleur transcendée
43%
Endurance
43%
Instrument physique
43%
Perception
43%
Affinité mécanique
29%
Projection analytique
29%
Réactivité
29%
Aucun quiz correspondant
Distribution des résultats
% des personnes avec chaque résultat
Percentile par nombre de réponses
Votre historique - résultats
Vous n’avez pas pris ce quiz